| 000 | 00591nam a22002177a 4500 | ||
|---|---|---|---|
| 003 | OSt | ||
| 005 | 20140310182437.0 | ||
| 008 | 130311t xxu||||| |||| 00| 0 eng d | ||
| 020 | _a9718867007 | ||
| 050 |
_aQL 53 _b.C454 2011 |
||
| 100 |
_a Chanco, Christine R. _97492 |
||
| 245 |
_aGeneral Zoology : _cChritine R. Chanco. _bLaboratory Manual / |
||
| 260 |
_aPasay City : _bChanco-Buelo Enterprise, _cc2011. |
||
| 300 |
_a142 p. : _c26 cm. _bill. ; |
||
| 942 |
_2lcc _cSSLC |
||
| 999 |
_c13474 _d13474 |
||